| 000 | 00770nam a2200217 a 4500 | ||
|---|---|---|---|
| 001 | 000391579 | ||
| 003 | AM-YeHGA | ||
| 005 | 20250617132306.0 | ||
| 008 | 041204s2002 ai 000 | arm d | ||
| 020 | _a9993023256 | ||
| 040 | _aAM-YeHGA | ||
| 041 | 0 | _aarm | |
| 100 | 1 | _aՊապիկյան, Կարինե Մ. | |
| 245 | 1 | 0 |
_aՀայկական կարպետներ և գորգեր / _cԿ.Մ. Պապիկյան; Խմբ.՝ Ա. Բաղդասարյան. |
| 260 |
_aԵրևան : _bԶանգակ-97, _c2002. |
||
| 300 |
_a24 էջ : _bգունանկ. ; _c20 սմ. |
||
| 650 | 1 | 4 |
_aԳորգագործություն _zՀայաստան |
| 650 | 1 | 4 |
_aԿարպետագործություն _zՀայաստան |
| 700 | 1 |
_aԲաղդասարյան, Արա _eխմբ. _4edt |
|
| 090 | _c149965 | ||
| 999 |
_c148577 _d148577 |
||